Every Premier League signing in 23/24 - Statistics

General Stats
  • This quiz has been taken 49 times
    7 since last reset
  • The average score is 83 of 178
Answer Stats
Club Window Signed from Signed for (€) Player % Correct
. . Bristol City 23 million Alex Scott
100%
. . Barcelona Loan Clément Lenglet
100%
. . Brentford Loan David Raya
100%
Arsenal Summer West Ham United 116.6 million Declan Rice
100%
. . Chelsea 75 million Kai Havertz
100%
. . Red Star Belgrade 7.6 million Kosta Nedeljković
100%
. . Leeds United Loan Luis Sinisterra
100%
. Winter Middlesbrough 9.4 million Morgan Rogers
100%
Aston Villa Summer Bayer Leverkusen 55 million Moussa Diaby
100%
. . Galatasary Loan Nicolò Zaniolo
100%
. . Villareal 33 million Pau Torres
100%
. . Aston Villa 16.45 million Aaron Ramsey
67%
. . Wolverhampton Wanderers Free Adama Traoré
67%
. . Rosario Central 15 million Alejo Véliz
67%
. . Brighton & Hove Albion 42 million Alexis Mac Allister
67%
. . Fenerbahçe 5 million Altay Bayındır
67%
. . Internazionale Loan Andrei Radu
67%
. . Internazionale 50.2 million André Onana
67%
. . Barcelona Loan Ansu Fati
67%
. Winter Chelsea Loan Armando Broja
67%
. . Blackburn Rovers 2.3 million Ashley Phillips
67%
. . Aston Villa Free Ashley Young
67%
. . BK Häcken 4.6 million Bénie Traoré
67%
Everton Summer Udinese 25 million Beto
67%
. . FC Metz 11 million Boubacar Traoré
67%
Tottenham Hotspur Summer Nottingham Forest 55 million Brennan Johnson
67%
. Winter River Plate 18.5 million Claudio Echeverri
67%
. . Juventus 30 million Dejan Kulusevski
67%
Liverpool Summer RB Leipzig 70 million Dominik Szoboszlai
67%
. . Ajax 38 million Edson Álvarez
67%
. Winter Getafe Loan Enes Ünal
67%
. . AC Milan Loan Fodé Ballo-Touré
67%
. . Empoli 18.5 million Guglielmo Vicario
67%
. . Sassuolo 25.62 million Hamed Traorè
67%
. . Leicester City 44 million Harvey Barnes
67%
Nottingham Forest Summer PSV Eindhoven 35 million Ibrahim Sangaré
67%
. . Leeds United Loan Jack Harrison
67%
. . Leicester City 46.3 million James Maddison
67%
. . Liverpool Free James Milner
67%
. . Southampton 34.8 million James Ward-Prowse
67%
. . Stade Rennais 60 million Jérémy Doku
67%
Brighton & Hove Albion Summer Watford 34.2 million João Pedro
67%
. . Adelaide United 1.5 million Joe Gauci
67%
Manchester City Summer RB Leipzig 90 million Joško Gvardiol
67%
. . Ajax 40 million Jurriën Timber
67%
. . Roma 10.8 million Justin Kluivert
67%
. Winter Manchester City Loan Kalvin Phillips
67%
. . SC Freiburg 25 million Kevin Schade
67%
. . Chelsea Loan Lewis Hall
67%
. . Borussia Dortmund Free Mahmoud Dahoud
67%
. . SC Freiburg 13 million Mark Flekken
67%
. . Chelsea 64.2 million Mason Mount
67%
. . Chelsea 29.1 million Mateo Kovačić
67%
Wolverhampton Wanderers Summer Atlético Madrid 50 million Matheus Cunha
67%
. . Wolverhampton Wanderers 62 million Matheus Nunes
67%
. . Atlético Madrid Free Matt Doherty
67%
. . Norwich City 8.1 million Max Aarons
67%
. . VfL Wolfsburg 40 million Micky van de Ven
67%
. . AZ Alkmaar 17.87 million Milos Kerkez
67%
West Ham United Summer Ajax 43 million Mohammed Kudus
67%
Brentford Summer Wolverhampton Wanderers 26.85 million Nathan Collins
67%
. . Sporting CP 40 million Pedro Porro
67%
. Winter Genoa 25 million Radu Drăgușin
67%
Manchester United Summer Atalanta 73.9 million Rasmus Højlund
67%
. . Bayern Munich 40 million Ryan Gravenberch
67%
Newcastle United Summer AC Milan 58.9 million Sandro Tonali
67%
. . Tottenham Hotspur Loan Sergio Reguilón
67%
. . Fiorentina Loan Sofyan Amrabat
67%
. . Leicester City 13 million Timothy Castagne
67%
. . RB Leipzig Loan Timo Werner
67%
. . Southampton 37.2 million Tino Livramento
67%
. . Everton Free Tom Davies
67%
Bournemouth Summer Leeds United 26.9 million Tyler Adams
67%
. . VfB Stuttgart 20 million Wataru Endō
67%
. . Leicester City Free Youri Tielemans
67%
. . Sporting CP 12.5 million Youssef Chermiti
67%
. Winter Blackburn Rovers 21.1 million Adam Wharton
33%
. . Arsenal Loan Albert Sambi Lokonga
33%
Fulham Summer Everton 25.7 million Alex Iwobi
33%
. . Norwich City 12.85 million Andrew Omobamidele
33%
. . Chelsea Loan Andrey Santos
33%
. . Without club Free Andros Townsend
33%
. . Austria Klagenfurt 1.76 million Andy Irving
33%
. . Santos 16 million Ângelo
33%
. . Manchester United 17.5 million Anthony Elanga
33%
. . Villareal Loan Arnaut Danjuma
33%
. . Arsenal 5.8 million Auston Trusty
33%
. . AS Monaco 45 million Axel Disasi
33%
. . RSC Anderlecht 20 million Bart Verbruggen
33%
. . Villareal Loan Ben Brereton Díaz
33%
. . Chelsea 3.5 million Callum Hudson-Odoi
33%
. . Ajax 22.5 million Calvin Bassey
33%
Sheffield United Summer Aston Villa 21.55 million Cameron Archer
33%
. . LOSC Lille 27 million Carlos Baleba
33%
. . Rotherham United Free Chiedozie Ogbene
33%
. . RB Leipzig 60 million Christopher Nkunku
33%
, . Newcastle United 17 million Chris Wood
33%
. . Manchester City 47 million Cole Palmer
33%
. Winter Sint-Truiden 2 million Daiki Hashioka
33%
. . KRC Genk 8 million Daniel Muñoz
33%
. . Chelsea Loan David Datro Fofana
33%
. . Manchester United 17.5 million Dean Henderson
33%
. . Santos 16 million Deivid Washington
33%
. . Benfica Free Diego Moreira
33%
. . AC Milan Loan Divock Origi
33%
. . New England Revolution 16 million Đorđe Petrović
33%
. . Borussia Dortmund Loan Giovanni Reyna
33%
. . Sevilla Loan Gonzalo Montiel
33%
. . Coventry City 17.3 million Gustavo Hamer
33%
. . Elfsborg 3 million Hákon Valdimarsson
33%
. . Fiorentina 16.5 million Igor Julio
33%
. . Manchester City Loan Issa Kaboré
33%
. Winter Atlético Madrid 2.5 million Ivo Grbić
33%
. . Stoke City 2.9 million Jacob Brown
33%
. . TSG Hoffenheim Loan Jacob Bruun Larsen
33%
. . Manchester City Loan James McAtee
33%
. . Manchester City 17.3 million James Trafford
33%
. . RC Strasbourg 15 million Jean-Ricner Bellegarde
33%
. . Bournemouth Free Jefferson Lerma
33%
. . Leicester City Free Jonny Evans
33%
. . Borussia Mönchengladbach 15 million Jordan Beyer
33%
. . VfB Stuttgart 20 million Konstantinos Mavropanos
33%
. . Stade Rennais 27 million Lesley Ugochukwu
33%
. . Espanyol 3 million Luca Koleosho
33%
. . Leicester City Loan Luke Thomas
33%
. . Shakhtar Donetsk Free Manor Solomon
33%
. . Aston Villa 2.9 million Marvelous Nakamba
33%
. . Everton Loan Mason Holgate
33%
Crystal Palace Summer Flamengo 20 million Matheus França
33%
. . Arsenal 8.15 million Matt Turner
33%
. Winter RC Strasbourg 8 million Matz Sels
33%
. . Montpellier Loan Maxime Estève
33%
Chelsea Summer Brighton & Hove Albion 116 million Moisés Caicedo
33%
. . Corinthians 12 million Murillo
33%
. . Everton Loan Neal Maupay
33%
. . Bologna 6.65 million Nicolás Domínguez
33%
. . Villareal 37 million Nicolas Jackson
33%
. Winter Paris Saint-Germain Loan Noha Lemina
33%
. . Arsenal Loan Nuno Tavares
33%
. . Benfica 4.9 million Odysseas Vlachodimos
33%
. . Torino Free Ola Aina
33%
. . Wolverhampton Wanderers 6.4 million Raúl Jiménez
33%
. . Brighton & Hove Albion 23 million Robert Sánchez
33%
. . Arsenal 1.2 million Rob Holding
33%
. . Olympique Lyon 15 million Romain Favre
33%
. . Southampton 62.1 million Roméo Lavia
33%
. . OGC Nice Free Ross Barkley
33%
Luton Town Summer Wolverhampton Wanderers 5.85 million Ryan Giles
33%
. . Sheffield United 13.9 million Sander Berge
33%
. . Girona 12 million Santiago Bueno
33%
. . Swansea City 870k Steven Benda
33%
. . Birmingham City 4.7 million Tahith Chong
33%
. . Manchester United - Teden Mengi
33%
. . Blackburn Rovers 2.9 million Thomas Kaminski
33%
. . Norwich City - Tim Krul
33%
. . Northampton Town Free Tom King
33%
. . Manchester City Loan Tommy Doyle
33%
. Winter Boca Juniors 9.15 million Valentín Barco
33%
. . ESTAC Troyes 12 million Wilson Odobert
33%
. . Odense BK 8 million Yankuba Minteh
33%
Burnley Summer FC Basel 18.6 million Zeki Amdouni
33%
. . Bröndby IF 2.7 million Anis Ben Slimane
0%
. . West Bromwich Albion 7.8 million Dara O'Shea
0%
. . Club Libertad Asunción 6 million Enso González
0%
. . RSC Anderlecht 3 million Hannes Delcroix
0%
. . Bristol City Free Han-Noah Massengo
0%
. . Leyton Orient Free Lawrence Vigouroux
0%
. Winter Stade Rennais Loan Lorenz Assignon
0%
. . Barnsley 3.5 million Mads Andersen
0%
. . Swansea City 4 million Michael Obafemi
0%
. . KRC Genk Loan Mike Trésor
0%
. . Beşiktaş Free Nathan Redmond
0%
. . Sporting CP Loan Rodrigo Ribeiro
0%
. . Reading 1.15 million Tom Holmes
0%
. . Lommel SK 12.5 million Vinícius Souza
0%
. . ESTAC Troyes Loan Yasser Larouci
0%
. Winter Sivasspor 4.5 million Yunus Konak
0%
No matching quizzes found
Score Distribution
Percent of People with Each Score
Percentile by Number Answered
Your Score History
You have not taken this quiz since the last reset